000 00531nam a22001817a 4500
005 20251108172758.0
008 250721s2004 xx 000 0 ara d
082 1 4 _a811.9567/همد
100 1 _aالهمداني، أحمد علي
245 1 0 _aديوان الهمداني /
264 1 _aعمان :
_bدار المسيرة للنشر والتوزيع،
_c2004.
300 _a182ص.
650 1 7 _aالشعر العربي
650 1 7 _aاليمن
650 1 7 _aالعصر الحديث
942 _2ddc
_cBK
999 _c88299
_d88299